<?xml version="1.0" encoding="UTF-8"?>
<record
    xmlns:xsi="http://www.w3.org/2001/XMLSchema-instance"
    xsi:schemaLocation="http://www.loc.gov/MARC21/slim http://www.loc.gov/standards/marcxml/schema/MARC21slim.xsd"
    xmlns="http://www.loc.gov/MARC21/slim">

  <leader>00307nam a22001337a 4500</leader>
  <controlfield tag="008">230524b        |||||||| |||| 00| 0 eng d</controlfield>
  <datafield tag="020" ind1=" " ind2=" ">
    <subfield code="a">9789390644254</subfield>
  </datafield>
  <datafield tag="100" ind1=" " ind2=" ">
    <subfield code="a">Bare Act</subfield>
  </datafield>
  <datafield tag="245" ind1=" " ind2=" ">
    <subfield code="a">The Indian Penal Code</subfield>
  </datafield>
  <datafield tag="260" ind1=" " ind2=" ">
    <subfield code="a">Delhi</subfield>
    <subfield code="b">L&amp;J Pub.</subfield>
    <subfield code="c">2023</subfield>
  </datafield>
  <datafield tag="300" ind1=" " ind2=" ">
    <subfield code="a">291</subfield>
  </datafield>
  <datafield tag="546" ind1=" " ind2=" ">
    <subfield code="a">English</subfield>
  </datafield>
  <datafield tag="942" ind1=" " ind2=" ">
    <subfield code="2">ddc</subfield>
    <subfield code="c">BK</subfield>
  </datafield>
  <datafield tag="999" ind1=" " ind2=" ">
    <subfield code="c">20041</subfield>
    <subfield code="d">20041</subfield>
  </datafield>
  <datafield tag="952" ind1=" " ind2=" ">
    <subfield code="p">LLB 618</subfield>
    <subfield code="g">250.00</subfield>
    <subfield code="i">11-05-2023</subfield>
    <subfield code="l">0</subfield>
    <subfield code="e">ABD Publisher, Jammu</subfield>
    <subfield code="r">2024-04-16 00:00:00</subfield>
    <subfield code="w">2023-05-24</subfield>
    <subfield code="y">BK</subfield>
    <subfield code="0">0</subfield>
    <subfield code="4">0</subfield>
    <subfield code="7">1</subfield>
    <subfield code="a">MIETLIB</subfield>
    <subfield code="b">MIETLIB</subfield>
    <subfield code="c">181/2</subfield>
    <subfield code="d">2023-05-15</subfield>
    <subfield code="1">0</subfield>
    <subfield code="H">BBA LLB</subfield>
  </datafield>
  <datafield tag="952" ind1=" " ind2=" ">
    <subfield code="p">LLB 619</subfield>
    <subfield code="g">250.00</subfield>
    <subfield code="i">11-05-2023</subfield>
    <subfield code="l">4</subfield>
    <subfield code="e">ABD Publisher, Jammu</subfield>
    <subfield code="r">2025-09-01 00:00:00</subfield>
    <subfield code="s">2025-08-20</subfield>
    <subfield code="w">2023-05-24</subfield>
    <subfield code="y">BK</subfield>
    <subfield code="0">0</subfield>
    <subfield code="4">0</subfield>
    <subfield code="7">0</subfield>
    <subfield code="a">MIETLIB</subfield>
    <subfield code="b">MIETLIB</subfield>
    <subfield code="c">176/6</subfield>
    <subfield code="d">2023-05-15</subfield>
    <subfield code="1">0</subfield>
    <subfield code="H">BBA LLB</subfield>
  </datafield>
  <datafield tag="952" ind1=" " ind2=" ">
    <subfield code="p">LLB 620</subfield>
    <subfield code="g">250.00</subfield>
    <subfield code="i">11-05-2023</subfield>
    <subfield code="l">8</subfield>
    <subfield code="e">ABD Publisher, Jammu</subfield>
    <subfield code="r">2026-03-10 13:03:09</subfield>
    <subfield code="s">2026-02-24</subfield>
    <subfield code="w">2023-05-24</subfield>
    <subfield code="y">BK</subfield>
    <subfield code="0">0</subfield>
    <subfield code="4">0</subfield>
    <subfield code="7">0</subfield>
    <subfield code="a">MIETLIB</subfield>
    <subfield code="b">MIETLIB</subfield>
    <subfield code="c">176/6</subfield>
    <subfield code="d">2023-05-15</subfield>
    <subfield code="1">0</subfield>
    <subfield code="H">BBA LLB</subfield>
  </datafield>
  <datafield tag="952" ind1=" " ind2=" ">
    <subfield code="p">LLB 621</subfield>
    <subfield code="g">250.00</subfield>
    <subfield code="i">11-05-2023</subfield>
    <subfield code="l">4</subfield>
    <subfield code="e">ABD Publisher, Jammu</subfield>
    <subfield code="r">2026-03-10 13:27:33</subfield>
    <subfield code="s">2026-03-06</subfield>
    <subfield code="w">2023-05-24</subfield>
    <subfield code="y">BK</subfield>
    <subfield code="0">0</subfield>
    <subfield code="4">0</subfield>
    <subfield code="7">0</subfield>
    <subfield code="a">MIETLIB</subfield>
    <subfield code="b">MIETLIB</subfield>
    <subfield code="c">176/6</subfield>
    <subfield code="d">2023-05-15</subfield>
    <subfield code="1">0</subfield>
    <subfield code="H">BBA LLB</subfield>
  </datafield>
  <datafield tag="952" ind1=" " ind2=" ">
    <subfield code="p">LLB 622</subfield>
    <subfield code="g">250.00</subfield>
    <subfield code="i">11-05-2023</subfield>
    <subfield code="l">5</subfield>
    <subfield code="e">ABD Publisher, Jammu</subfield>
    <subfield code="r">2026-03-10 13:28:10</subfield>
    <subfield code="s">2026-03-06</subfield>
    <subfield code="w">2023-05-24</subfield>
    <subfield code="y">BK</subfield>
    <subfield code="0">0</subfield>
    <subfield code="4">0</subfield>
    <subfield code="7">0</subfield>
    <subfield code="a">MIETLIB</subfield>
    <subfield code="b">MIETLIB</subfield>
    <subfield code="c">176/6</subfield>
    <subfield code="d">2023-05-15</subfield>
    <subfield code="1">0</subfield>
    <subfield code="H">BBA LLB</subfield>
  </datafield>
  <datafield tag="952" ind1=" " ind2=" ">
    <subfield code="p">LLb 900</subfield>
    <subfield code="g">250.00</subfield>
    <subfield code="i">24-5-2023</subfield>
    <subfield code="l">0</subfield>
    <subfield code="e">ABD Jammu.</subfield>
    <subfield code="r">2023-05-31 00:00:00</subfield>
    <subfield code="w">2023-05-31</subfield>
    <subfield code="y">BK</subfield>
    <subfield code="0">0</subfield>
    <subfield code="4">0</subfield>
    <subfield code="7">0</subfield>
    <subfield code="a">MIETLIB</subfield>
    <subfield code="b">MIETLIB</subfield>
    <subfield code="c">176/6</subfield>
    <subfield code="d">2023-05-26</subfield>
    <subfield code="1">0</subfield>
    <subfield code="H">BBA LLB</subfield>
  </datafield>
  <datafield tag="952" ind1=" " ind2=" ">
    <subfield code="p">LLb 901</subfield>
    <subfield code="g">250.00</subfield>
    <subfield code="i">24-5-2023</subfield>
    <subfield code="l">0</subfield>
    <subfield code="e">ABD Jammu.</subfield>
    <subfield code="r">2023-05-31 00:00:00</subfield>
    <subfield code="w">2023-05-31</subfield>
    <subfield code="y">BK</subfield>
    <subfield code="0">0</subfield>
    <subfield code="4">0</subfield>
    <subfield code="7">0</subfield>
    <subfield code="a">MIETLIB</subfield>
    <subfield code="b">MIETLIB</subfield>
    <subfield code="c">176/6</subfield>
    <subfield code="d">2023-05-26</subfield>
    <subfield code="1">0</subfield>
    <subfield code="H">BBA LLB</subfield>
  </datafield>
  <datafield tag="952" ind1=" " ind2=" ">
    <subfield code="p">LLb 902</subfield>
    <subfield code="g">250.00</subfield>
    <subfield code="i">24-5-2023</subfield>
    <subfield code="l">0</subfield>
    <subfield code="e">ABD Jammu.</subfield>
    <subfield code="r">2023-05-31 00:00:00</subfield>
    <subfield code="w">2023-05-31</subfield>
    <subfield code="y">BK</subfield>
    <subfield code="0">0</subfield>
    <subfield code="4">0</subfield>
    <subfield code="7">0</subfield>
    <subfield code="a">MIETLIB</subfield>
    <subfield code="b">MIETLIB</subfield>
    <subfield code="c">176/6</subfield>
    <subfield code="d">2023-05-26</subfield>
    <subfield code="1">0</subfield>
    <subfield code="H">BBA LLB</subfield>
  </datafield>
  <datafield tag="952" ind1=" " ind2=" ">
    <subfield code="p">LLb 903</subfield>
    <subfield code="g">250.00</subfield>
    <subfield code="i">24-5-2023</subfield>
    <subfield code="l">0</subfield>
    <subfield code="e">ABD Jammu.</subfield>
    <subfield code="r">2023-05-31 00:00:00</subfield>
    <subfield code="w">2023-05-31</subfield>
    <subfield code="y">BK</subfield>
    <subfield code="0">0</subfield>
    <subfield code="4">0</subfield>
    <subfield code="7">0</subfield>
    <subfield code="a">MIETLIB</subfield>
    <subfield code="b">MIETLIB</subfield>
    <subfield code="c">176/6</subfield>
    <subfield code="d">2023-05-26</subfield>
    <subfield code="1">0</subfield>
    <subfield code="H">BBA LLB</subfield>
  </datafield>
  <datafield tag="952" ind1=" " ind2=" ">
    <subfield code="p">LLb 904</subfield>
    <subfield code="g">250.00</subfield>
    <subfield code="i">24-5-2023</subfield>
    <subfield code="l">0</subfield>
    <subfield code="e">ABD Jammu.</subfield>
    <subfield code="r">2023-05-31 00:00:00</subfield>
    <subfield code="w">2023-05-31</subfield>
    <subfield code="y">BK</subfield>
    <subfield code="0">0</subfield>
    <subfield code="4">0</subfield>
    <subfield code="7">0</subfield>
    <subfield code="a">MIETLIB</subfield>
    <subfield code="b">MIETLIB</subfield>
    <subfield code="c">176/6</subfield>
    <subfield code="d">2023-05-26</subfield>
    <subfield code="1">0</subfield>
    <subfield code="H">BBA LLB</subfield>
  </datafield>
</record>
